000 00714nam a2200241Ia 4500
003 GCL
008 140319s9999 xx 000 0 ara d
040 _aGCL /
_cGCL
082 0 4 _aد
_b050
_bدهـ
245 1 0 _aالهلال اكتوبر 2000 : العيون الفرعونية
260 _aالقاهرة :
_bدار الهلال للطباعة والنشر ،
_c2000
650 0 4 _aالاسلام
650 0 4 _aاسرائيل
650 0 4 _aالقصة القصيرة
650 0 4 _aالثقافة
650 0 4 _aالصحافة
650 0 4 _aالسينما
650 0 4 _aالتعبيرية
650 0 4 _aالحوار
650 0 4 _aالقصة المصرية
650 0 4 _aالعولمة
942 _2ddc
_cCR
999 _c6728
_d6728